000 00272 a2200109 4500
000 nam a22 7a 4500
005 20260206135914.0
100 _aBose, Bimal K.
_91114234
245 _aModern Power Electronics and AC Drives
260 _bPearson
_c2023
942 _cTEXL
999 _c1678812
_d1678812